Privatizácia mestských služieb.

Výťah z referátu predneseného na seminári usporiadanom v Bratislave na tému Technické služby v období prechodu k trhovému hospodárstvu. Krátka história prechodu technických služieb zo súkromného alebo municipálneho sektora do štátneho. Podmienky transformácie mestských služieb na Slovensku a cesty p...

ver descrição completa

Na minha lista:
Detalhes bibliográficos
Autor principal: Beňuška, P.
Formato: Capítulo de Livro
Idioma:eslovaco
Assuntos:
Tags: Adicionar Tag
Sem tags, seja o primeiro a adicionar uma tag!

MARC

LEADER 00000naa a2200000 4500
001 r011033
005 20220831085616.9
041 0 |a slo 
044 |a [CS] 
245 1 0 |a Privatizácia mestských služieb.  |c P. Beňuška 
520 |a Výťah z referátu predneseného na seminári usporiadanom v Bratislave na tému Technické služby v období prechodu k trhovému hospodárstvu. Krátka história prechodu technických služieb zo súkromného alebo municipálneho sektora do štátneho. Podmienky transformácie mestských služieb na Slovensku a cesty privatizácie. 
610 2 0 |a privatizácia 
610 2 0 |a služby komunálne 
610 2 0 |a služby technické 
610 2 0 |a mestá 
610 2 0 |a hospodárstvo trhové 
610 2 0 |a transformácia 
610 2 0 |a Slovensko 
100 1 |a Beňuška, P.